| Tag |
First Indicator |
Second Indicator |
Subfields |
| LEADER |
00000cam a22000001i 4500 |
| 001 |
in00003962613 |
| 006 |
m d f |
| 007 |
cr bn mmmapmmp |
| 008 |
441008s1944 dcu o f000 0 eng d |
| 005 |
20250210231031.8 |
| 035 |
|
|
|a ebd1943006490
|
| 040 |
|
|
|a UMI
|c UMI
|e rda
|d UtOrBLW
|
| 086 |
0 |
|
|a A 80.119:11
|
| 099 |
|
|
|a A80.119..11
|
| 110 |
1 |
|
|a United States.
|b War Food Administration.
|0 http://id.loc.gov/authorities/names/n82224490
|
| 245 |
1 |
0 |
|a Commodity futures statistics, July 1943-June 1944.
|
| 264 |
|
1 |
|a [Washington] :
|b [s.n.],
|c 1944.
|
| 300 |
|
|
|a 1 online resource (33 pages), digital, PDF file
|
| 336 |
|
|
|a text
|b txt
|2 rdacontent
|
| 337 |
|
|
|a computer
|b c
|2 rdamedia
|
| 338 |
|
|
|a online resource
|b cr
|2 rdacarrier
|
| 500 |
|
|
|a Includes tables.
|
| 533 |
|
|
|a Electronic reproduction.
|b [Bethesda, Md.] :
|c ProQuest,
|d 2017
|e digital, PDF file.
|n ProQuest U.S. Executive Branch Documents
|n Mode of access: World Wide Web via ProQuest website.
|
| 588 |
|
|
|a Record is based on online resource; title from PDF title page (ProQuest, last viewed Jan. 2017). Reuse except for individual research requires license from ProQuest, LLC.
|
| 650 |
|
0 |
|a Securities.
|0 http://id.loc.gov/authorities/subjects/sh85119463
|
| 650 |
|
0 |
|a Farm produce.
|0 http://id.loc.gov/authorities/subjects/sh85047239
|
| 650 |
|
0 |
|a Commodity exchanges.
|0 http://id.loc.gov/authorities/subjects/sh85028977
|
| 650 |
|
0 |
|a Agriculture
|v Statistics.
|0 http://id.loc.gov/authorities/subjects/sh85002454
|
| 856 |
4 |
0 |
|u http://proxy.library.tamu.edu/login?url=http://congressional.proquest.com/congressional/docview/t66.d71.a80.119..11?
|y Electronic resource (PDF)
|t 0
|
| 999 |
f |
f |
|s 87ba3123-fd1d-31e0-aa61-4f15af4e0ff2
|i cb177cf6-4fb8-3426-9a78-c7886e8c8d6a
|t 0
|
| 952 |
f |
f |
|a Texas A&M University
|b College Station
|c Electronic Resources
|d Available Online
|t 0
|h No information provided
|
| 998 |
f |
f |
|t 0
|l Available Online
|